| 000 | 01092cam a22002891i 4500 | ||
|---|---|---|---|
| 003 | SA-RiAUC | ||
| 005 | 20250526065224.0 | ||
| 008 | 250523s1998 ir g 000 0 ara c | ||
| 040 |
_aIQ-KaPLI _bara _cSA-RiAUC. _erda |
||
| 050 | 4 | _b.J3344 1998 | |
| 082 | 0 | 4 |
_a247.5 _qSA-RiAUC |
| 090 |
_a247.5 _b ج ع ف |
||
| 100 | 1 |
_aجعفريان، رسول، _d1964- _eمؤلف. |
|
| 245 | 1 | 0 |
_aأكذوبة تحريف القرآن بين السنة والشيعة / _cتأليف رسول جعفريان. |
| 250 | _aالطبعة الثانية. | ||
| 264 | 1 |
_aقم، إيران : _bالمجمع العالمي لأهل البيت (ع)، _c[1998] |
|
| 300 |
_aصفحة ؛ _c20 سم |
||
| 336 |
_aنص _btxt _2rdacontent _3كتاب |
||
| 337 |
_aبدون وسيط _bn _2rdamedia |
||
| 338 |
_aمجلد _bnc _2rdacarrier |
||
| 630 | 2 | 7 |
_aالقرآن _xدفع مطاعن (شيعة) _2aucut |
| 650 | 7 |
_aأهل السنة _2aucsh |
|
| 650 | 7 |
_aالشيعة (فرقة إسلامية) _2aucsh |
|
| 730 | 2 | 2 | _aالقرآن |
| 942 |
_2ddc _cBOOK _n0 |
||
| 949 |
_aSA-JeALM _d250523 _umohamedma123 _n1 |
||
| 999 |
_c8366 _d8366 |
||